| 000 | 00811cam a22002537a 4500 | ||
|---|---|---|---|
| 003 | CHAP | ||
| 005 | 20220329133333.0 | ||
| 008 | 971013s1991 r 00010 d | ||
| 010 | _a5099 | ||
| 011 | _a6071 | ||
| 035 | _a5289 | ||
| 040 | _cCHAP | ||
| 090 | _aFolleto 13458 | ||
| 110 |
_aUniversidad Autónoma de Baja California Sur. Comité Universitario para la Observación del Eclipse _9116302 |
||
| 245 | 0 | _aManual del observador del eclipse total del Sol del 11 de julio de 1991 | |
| 260 |
_aLa Paz, B.C.S. : _bLa Universidad, _c1991 |
||
| 300 |
_a18 p. _b: ilus. |
||
| 590 |
_aBATCH-UPD _b10 _c20130110 _lUCH01 _h2307 |
||
| 590 |
_aCONVERSION _b10 _c20130109 _lUCH01 _h1304 |
||
| 650 | 1 | 4 |
_aEclipses. _935117 |
| 901 | _aBK | ||
| 942 | _cFOLL | ||
| 949 |
_aFolleto 13458 _bBC _cFOLL _d-14858 _eTS1 _i5289 _mD _si |
||
| 999 |
_c5099 _d5099 |
||